| 000 | 00000nam##2200000za#4500 |
| 001 | 9.624705 |
| 003 | CaOODSP |
| 005 | 20200706134911 |
| 007 | ta |
| 008 | 150406|1998||||xxc||||| f|0| 0 fre|d |
| 020 | |a0-660-95960-7 |
| 022 | |a1200-5231 |
| 040 | |aCaOODSP|bfre |
| 043 | |an-cn--- |
| 086 | 1 |aCS11-0019/98F |
| 245 | 00|aL'incidence de la technologie et du commerce sur les écarts salariaux entre les travailleurs de la production et la main-d'oeuvre indirecte dans le secteur manufacturier canadien / |cpar John R. Baldwin et Mohammed Rafiquzzaman. |
| 260 | |aOttawa - Ontario : |bStatistique Canada. |c1998. |
| 300 | |a45p. : |bgraphiques, références, tableaux ; |c28 cm. |
| 490 | 1 |aDocuments de recherche|x1200-5231|vN° 98 |
| 563 | |aCouverture souple |
| 590 | |a98-23|b1998-06-05 |
| 710 | 2 |aStatistique Canada. |bDirection des études analytiques. |
| 720 | 1 |aBaldwin, John R. |
| 720 | 1 |aRafiquzzaman, Mohammed |
| 775 | 08|tThe effect of technology and trade on wage differentials between nonproduction and production workers in Canadian manufacturing / |w(CaOODSP)9.614348 |
| 776 | 0#|tL'incidence de la technologie et du commerce sur les écarts salariaux entre les travailleurs de la production et la main-d'oeuvre indirecte dans le secteur manufacturier canadien / |w(CaOODSP)9.604331 |
| 830 | #0|aDocuments de recherche,|x1200-5231|vN° 98|w(CaOODSP)9.512877 |